000 00823nam a2200205Ia 4500
005 20240528151818.0
008 130821s1927 xxua gr eng
040 _aCo-BoUCM
_bspa
_cDavid Moreno (modificó)
_dDavid Moreno (modificó)
041 0 0 _aeng
100 1 _aMitchell, Wesley C.
_q(Wesley Clair)
_d1874-1948.
_9168041
245 1 0 _aBusiness cycles the problem and its setting
_cWesley C. Mitchell
260 _aNueva York (Estados Unidos)
_bNational Bureau of Economic Research
_c1927
300 _axxii, 489 Páginas
_bilustraciones, gráficas
650 0 4 _aCiclos económicos
_910763
650 0 4 _aHistoria económica
_9173
650 0 4 _aMicroeconomía
_919488
710 2 _aNational Bureau of Economic Research
_982766
942 _cLIBRO
_a7
_e1
_mW513b
_2DEWEY
_h338.54
_n0
999 _c71790
_d71790